Research, Monitoring and Evaluation (Record no. 17589)

MARC details
000 -LEADER
fixed length control field 00425nam a22001577a 4500
008 - FIXED-LENGTH DATA ELEMENTS--GENERAL INFORMATION
fixed length control field 190328b xxu||||| |||| 00| 0 eng d
020 ## - INTERNATIONAL STANDARD BOOK NUMBER
International Standard Book Number 9966011323
050 ## - LIBRARY OF CONGRESS CALL NUMBER
Classification number HD62.5
Item number .N54 2009 c.1
100 ## - MAIN ENTRY--PERSONAL NAME
Personal name Njenga, Anne
245 ## - TITLE STATEMENT
Title Research, Monitoring and Evaluation
Statement of responsibility, etc. Anne Njenga
260 ## - PUBLICATION, DISTRIBUTION, ETC. (IMPRINT)
Place of publication, distribution, etc. Nairobi, Kenya
Name of publisher, distributor, etc. Focus publishers
Date of publication, distribution, etc. 2009
300 ## - PHYSICAL DESCRIPTION
Extent 213p.
650 ## - SUBJECT ADDED ENTRY--TOPICAL TERM
Topical term or geographic name as entry element Research
700 ## - ADDED ENTRY--PERSONAL NAME
Personal name Margaret kabiru
942 ## - ADDED ENTRY ELEMENTS (KOHA)
Source of classification or shelving scheme Library of Congress Classification
Koha item type General Collection

No items available.

Designed with assistance from East African Informatics Ltd